| 000 | 02516cam a22005174i 4500 | ||
|---|---|---|---|
| 003 | PE-LiUPU | ||
| 005 | 20250731172714.0 | ||
| 008 | 150617s1975 sp r 000 0 spa d | ||
| 020 | _a8470571729 | ||
| 035 | _a(Sirsi) i9788470571725 | ||
| 040 |
_aPE-LiUPU _bspa _cPE-LiUPU _erda |
||
| 049 | _aPRUA | ||
| 082 | 0 | 4 |
_a227 _bF58 _221 |
| 100 | 1 |
_aFitzmyer, Joseph A., _eautor. |
|
| 245 | 1 | 0 |
_aTeología de San Pablo: síntesis y perspectivas / _cJoseph A. Fitzmyer. |
| 264 | 1 |
_aMadrid : _bEdiciones Cristiandad, _c1975. |
|
| 300 |
_a202 páginas ; _c18 centímetros. |
||
| 336 |
_atext _2rdacontent |
||
| 337 |
_aunmediated _2rdamedia |
||
| 338 |
_avolume _2rdacarrier |
||
| 490 | 0 |
_aEpifanía ; _v19 |
|
| 505 | 0 | _aEl nombre de Pablo -- Fuentes y cronología de la vida de Pablo -- Juventud y conversión -- Visita(s) de Pablo a Jerusalén -- Miosis paulinas -- Prisión de Pablo -- Influencias farisaicas y rabínicas -- Helenismo -- La revelación de Pablo -- Pablo y la tradición primitiva -- Experiencia apostólica de Pablo -- El evangelio de Pablo -- El plan del padre en la historia de la salvación -- Función de Cristo en la historia de la salvación -- Efectos del acontecimiento salvífico -- El hombre antes de la venida de Cristo -- El hombre en cristo -- La iglesia -- Exigencias de la vida cristiana. | |
| 526 | _aSEG42 | ||
| 526 | _aSEG41 | ||
| 526 | _aSEG40 | ||
| 526 | _aSEG39 | ||
| 526 | _aP94 | ||
| 526 | _aP87 | ||
| 526 | _aP86 | ||
| 526 | _aP85 | ||
| 526 | _aP77 | ||
| 526 | _aP76 | ||
| 526 | _aP35 | ||
| 600 | 1 |
_aPablo de Tarso _xTeología |
|
| 630 |
_aBiblia _pN.T. _pEpístolas de Pablo _xTeología. |
||
| 910 |
_ajck _bjvq _cjck _d20150616 |
||
| 942 |
_2ddc _cBOOK |
||
| 949 |
_a227 F58 _wDEWEY _c1 _i37041 _lCCODEBUL1 _mBUL _r0 _sY _tBOOK _u2015-6-17 _xTEOLOGIA _PP35 _0COMPRA _o.STAFF. Colección General |
||
| 949 |
_a227 F58 _wDEWEY _c2 _i15436 _d2016-8-14 _e2016-8-12 _lCCODEBUL1 _mBUL _n1 _r0 _sY _tBOOK _u2015-4-21 _xTEOLOGIA _PP35 _0COMPRA _o.STAFF. Colección General |
||
| 994 |
_aC0 _bPEPRU |
||
| 596 | _a1 | ||
| 999 |
_a227 F58 _wDEWEY _c801 _i37041 _f2021-11-11 _g5 _lCCODEBUL1 _mBUL _r0 _sY _tBOOK _u2015-6-17 _xTEOLOGIA _PP35 _0COMPRA _o.STAFF. Colección General _d801 |
||
| 999 |
_a227 F58 _wDEWEY _c2 _i15436 _d2016-8-14 _e2016-8-12 _f2021-11-11 _g5 _lCCODEBUL1 _mBUL _n1 _p12.00 _r0 _sY _tBOOK _u2015-4-21 _xTEOLOGIA _PP35 _0COMPRA _o.STAFF. Colección Teología |
||
| 980 |
_81 _gALBERTO SANCHEZ Responsable de Automatización |
||